01521nam a2200313 a 450000100100000000500170001000800410002702000150006804000250008308200180010810000480012624501460017425000170032026000400033730000280037750000420040550400290044765100520047665100380052865100390056665100490060570000330065404900090068795201280069695201280082495201160095295201220106899900170119000002172720200930011427.0100910s2003 pr c 000 0 spa d a1881715965 aDO-SdBNPbspacBNPHU a972.95bG216a1 aGarcía Leduc, José Manueld1944-93736710aApuntes para una historia breve de Puerto Rico (desde la prehistoria hasta 1898) /cJosé Manuel García LeduC ; corrección Carlos Rojas. a2a ed. corr. aSanto Domingo :bIsla Negra,c2003. a287 p. :bil. ;c23 cm. aIncluye datos biográficos del autor aBibliografía : 262-287 4aPuerto RicoxPolítica Y Gobiernoy1898930144 4aPuerto RicoxHistoriay189899073 4aPuerto RicoxCivilización913570 4aPuerto RicoxCondiciones Económicas9161591 aRojas, Carlos,ecorr.937368 aBNPD 001054708MOaGRbGRcCTd2010-09-10iLF1l0o972.95 G216ap21727-30r2020-06-25te. 3w2020-06-25y4ZPréstamo en sala 001054708MOaGRbGRcCTd2013-04-25iLF1l0o972.95 G216ap21727-40r2020-06-25te. 4w2020-06-25y4ZPréstamo en sala 001050718MOaPDbPDcHDd2010-09-10iLF1l0o972.95 G216ap21727-10r2020-06-25w2020-06-25y1ZNo se presta 001050718MOaPDbPDcCTd2010-09-10iLF1l0o972.95 G216ap21727-20r2020-06-25te. 2w2020-06-25y1ZNo se presta c21226d21226